[Event "SV Diagonale Harburg - SK Marmstorf"]
[Site "Landesliga Hamburg 2022/23"]
[Date "2022.11.20"]
[Round "1.33"]
[White "Kuberczyk, Christoph"]
[Black "Fries-Nielsen, Jens Ove"]
[Result "0-1"]
[WhiteElo "2292"]
[BlackElo "2353"]
[PlyCount "78"]

1. d4 Nf6 2. c4 c5 3. d5 e6 4. Nc3 exd5 5. cxd5 d6 6. e4 Na6 7. f4 Nc7 8. Nf3
Be7 9. a4 O-O 10. Bc4 Bg4 11. O-O Nd7 12. h3 Bxf3 13. Qxf3 Bf6 14. Be3 Re8 15.
Rae1 a6 16. e5 dxe5 17. Ne4 b5 18. Ba2 c4 19. d6 Nd5 20. fxe5 Nxe5 21. Qf5 Bh4
22. g3 Nxe3 23. Rxe3 Qb6 24. Qf2 f5 25. Nc3 Bg5 26. Re2 Qxf2+ 27. Rfxf2 g6 28.
axb5 axb5 29. Nxb5 Rxa2 30. d7 Nf3+ 31. Kg2 Ne1+ 32. Kf1 Rxe2 33. Rxe2 Nd3 34.
Re8+ Kg7 35. Nc7 Nc5 36. h4 Bf6 37. Ne6+ Nxe6 38. Rxe6 Ra8 39. Rc6 Rd8 0-1

[Event "SV Diagonale Harburg - SK Marmstorf"]
[Site "Landesliga Hamburg 2022/23"]
[Date "2022.11.20"]
[Round "1.35"]
[White "Diekmann, Jens"]
[Black "Easwaralingam, Adesh"]
[Result "1/2-1/2"]
[WhiteElo "2064"]
[BlackElo "2155"]
[PlyCount "55"]

1. c4 Nf6 2. Nc3 e5 3. g3 Bb4 4. Bg2 Bxc3 5. dxc3 O-O 6. e4 d6 7. Qe2 a5 8. Nh3
h6 9. f3 a4 10. O-O Nc6 11. Be3 Qe7 12. b3 Be6 13. b4 Nd7 14. Rad1 f5 15. exf5
Bxf5 16. f4 Nf6 17. fxe5 Qxe5 18. Qd2 Bxh3 19. Bxh3 Qh5 20. Be6+ Kh8 21. Rf4
Nh7 22. Rdf1 Rxf4 23. Bxf4 Re8 24. Qd5 Qe2 25. Bf7 Nf6 26. Qd2 Qxd2 27. Bxd2
Re2 28. Rf2 1/2-1/2

[Event "SV Diagonale Harburg - SK Marmstorf"]
[Site "Landesliga Hamburg 2022/23"]
[Date "2022.11.20"]
[Round "1.37"]
[White "Koenig, Friedrich Theodor"]
[Black "Holst, Marten"]
[Result "1/2-1/2"]
[WhiteElo "1917"]
[BlackElo "1927"]
[PlyCount "32"]

1. d4 Nf6 2. Bf4 e6 3. e3 b6 4. Qf3 Nc6 5. Nc3 Bb4 6. Nge2 Nd5 7. a3 Bxc3+ 8.
bxc3 Nxf4 9. Nxf4 Qf6 10. Bd3 Bb7 11. Nh5 Qxf3 12. gxf3 g6 13. Nf4 f5 14. h4
Kf7 15. e4 Ne7 16. Ke2 d5 1/2-1/2

[Event "SV Diagonale Harburg - SK Marmstorf"]
[Site "Landesliga Hamburg 2022/23"]
[Date "2022.11.20"]
[Round "1.39"]
[White "Anderberg, Peter"]
[Black "Haschimi, Haschem"]
[Result "1-0"]
[WhiteElo "1935"]
[BlackElo "1884"]
[PlyCount "37"]

1. d4 d5 2. c4 Nf6 3. Nc3 Bg4 4. Qb3 Nc6 5. cxd5 Nxd5 6. Nxd5 Be6 7. e4 Nxd4 8.
Qa4+ c6 9. Qxd4 cxd5 10. Bb5+ Bd7 11. Bxd7+ Qxd7 12. Ne2 e6 13. exd5 exd5 14.
O-O f6 15. Nc3 Rd8 16. Be3 Bd6 17. Rad1 O-O 18. Qxd5+ Kh8 19. Bf4 1-0

[Event "Hamburger SK V - SK Weisse Dame"]
[Site "Landesliga Hamburg 2022/23"]
[Date "2022.11.27"]
[Round "2.1"]
[White "Popist, Florian"]
[Black "Engel, Robert"]
[Result "1/2-1/2"]
[WhiteElo "2161"]
[BlackElo "2133"]
[PlyCount "35"]

1. e4 c5 2. Nc3 Nc6 3. Bb5 Nd4 4. Nf3 a6 5. Bd3 e6 6. O-O Ne7 7. Nxd4 cxd4 8.
Ne2 Nc6 9. c3 d5 10. cxd4 Nb4 11. Qb3 Nxd3 12. Qxd3 dxe4 13. Qxe4 Be7 14. d3
O-O 15. b3 Qb6 16. Be3 f5 17. Qf3 Qb5 18. Bf4 1/2-1/2

[Event "Hamburger SK V - SK Weisse Dame"]
[Site "Landesliga Hamburg 2022/23"]
[Date "2022.11.27"]
[Round "2.2"]
[White "Fuhrmann, Bahne"]
[Black "Mandelbaum, Peter-Rene"]
[Result "1/2-1/2"]
[WhiteElo "2044"]
[BlackElo "2100"]
[PlyCount "55"]

1. d4 d5 2. c4 e6 3. Nf3 Nf6 4. g3 Be7 5. Bg2 O-O 6. O-O dxc4 7. Na3 Bxa3 8.
bxa3 Bd7 9. Ne5 Bc6 10. Nxc6 Nxc6 11. Bb2 Nd5 12. a4 a5 13. Rc1 c3 14. Ba3 Re8
15. e4 Ndb4 16. d5 c2 17. Qd2 exd5 18. exd5 Ne5 19. Bxb4 axb4 20. Qxc2 Re7 21.
Rb1 Qd6 22. Qb3 c5 23. dxc6 Nxc6 24. Rfd1 Qf6 25. Qc4 g6 26. Bxc6 Qxc6 27. Qxb4
Rae8 28. Rd8 1/2-1/2

[Event "Hamburger SK V - SK Weisse Dame"]
[Site "Landesliga Hamburg 2022/23"]
[Date "2022.11.27"]
[Round "2.3"]
[White "Lansky, Georg"]
[Black "Schellhorn, Wolfgang"]
[Result "1-0"]
[WhiteElo "2045"]
[BlackElo "2126"]
[PlyCount "89"]

1. e4 c5 2. Nf3 d6 3. d4 cxd4 4. Nxd4 Nf6 5. f3 e5 6. Nb3 Be6 7. c4 Qc7 8. Be3
Nbd7 9. Nc3 Bxc4 10. Rc1 Bxf1 11. Nd5 Nxd5 12. Rxc7 Nxe3 13. Qc1 Bxg2 14. Rg1
d5 15. Qxe3 d4 16. Qd3 Bh3 17. Qc4 Bd6 18. Rc8+ Ke7 19. Rxa8 Rxa8 20. Rxg7 Be6
21. Qc1 Nf6 22. Qg5 d3 23. Qd2 Rd8 24. Rg2 b6 25. Nc1 a5 26. a3 Bc5 27. b4 axb4
28. axb4 Bh3 29. Rg3 Be3 30. Qxe3 d2+ 31. Kd1 Bf1 32. Qxb6 Rd4 33. Qxd4 dxc1=Q+
34. Kxc1 exd4 35. Kd2 Bc4 36. Rg5 Nd7 37. Ra5 Nf6 38. Re5+ Kd7 39. Rc5 Bf1 40.
e5 Ng8 41. b5 Ne7 42. b6 Ba6 43. Rc7+ Ke6 44. Ra7 Bc4 45. Rxe7+ 1-0

[Event "Hamburger SK V - SK Weisse Dame"]
[Site "Landesliga Hamburg 2022/23"]
[Date "2022.11.27"]
[Round "2.4"]
[White "Klaas, Heiko"]
[Black "Schiele, Lars"]
[Result "1-0"]
[WhiteElo "1996"]
[BlackElo "2070"]
[PlyCount "51"]

1. e4 e5 2. Nf3 Nc6 3. Bc4 Bc5 4. c3 Nf6 5. d4 exd4 6. e5 d5 7. Bb5 Ne4 8. cxd4
Bb6 9. Nc3 O-O 10. Be3 Nxc3 11. bxc3 Ne7 12. O-O f6 13. exf6 gxf6 14. Nh4 Ng6
15. Qh5 Nxh4 16. Qxh4 Bf5 17. Rfe1 Rf7 18. Bh6 Qd6 19. Re3 c6 20. Rae1 Qd7 21.
Bd3 Bxd3 22. Rxd3 Re8 23. Rxe8+ Qxe8 24. Re3 Re7 25. Qxf6 Qg6 26. Qf8# 1-0

[Event "Hamburger SK V - SK Weisse Dame"]
[Site "Landesliga Hamburg 2022/23"]
[Date "2022.11.27"]
[Round "2.6"]
[White "Avdic, Faris"]
[Black "Kuhle, Sebastian"]
[Result "1/2-1/2"]
[WhiteElo "1981"]
[BlackElo "2056"]
[PlyCount "100"]

1. d4 Nf6 2. c4 e6 3. Nf3 b6 4. g3 Ba6 5. Qc2 Bb7 6. Bg2 Bb4+ 7. Bd2 a5 8. O-O
Be4 9. Qb3 c5 10. a3 a4 11. Qd1 Ba5 12. Bxa5 Rxa5 13. Nc3 cxd4 14. Nxe4 Nxe4
15. Nxd4 Nc5 16. Qc2 O-O 17. Rad1 f5 18. Nb5 Qf6 19. Rd6 Ra6 20. Qc3 Qxc3 21.
Nxc3 Kf7 22. Rfd1 Ke7 23. f4 Rc8 24. e4 g6 25. e5 Nc6 26. Nb5 Na5 27. h3 Nxc4
28. Bb7 Nxd6 29. Bxa6 Nxa6 30. exd6+ Kf6 31. Nc3 Nc5 32. Rd4 Rc6 33. g4 fxg4
34. hxg4 e5 35. Nd5+ Ke6 36. Nc7+ Kf7 37. fxe5 Ne6 38. Rxa4 Nxc7 39. dxc7 Rxc7
40. Rd4 Ke7 41. b4 Ra7 42. Rd3 Ke6 43. Re3 Rc7 44. Kf2 Rc4 45. Kf3 h5 46. gxh5
gxh5 47. Rd3 Kxe5 48. Rxd7 Rc3+ 49. Kg2 Rxa3 50. Rb7 Kd5 1/2-1/2

[Event "Hamburger SK V - SK Weisse Dame"]
[Site "Landesliga Hamburg 2022/23"]
[Date "2022.11.27"]
[Round "2.7"]
[White "Purniel Umpierre, Christian"]
[Black "Foo, Tzun Hong"]
[Result "0-1"]
[WhiteElo "1990"]
[BlackElo "1934"]
[PlyCount "52"]

1. d4 Nf6 2. Nc3 d5 3. Bf4 Bf5 4. f3 e6 5. g4 Bg6 6. h4 h5 7. g5 Nfd7 8. Nb5
Na6 9. c3 Nb6 10. a4 c6 11. Na3 Bd6 12. Nh3 Bf5 13. Bxd6 Qxd6 14. Kf2 O-O 15.
e3 e5 16. a5 Nd7 17. Bd3 Qe6 18. Bxf5 Qxf5 19. f4 exd4 20. exd4 Rae8 21. Qxh5
Nf6 22. Qd1 Ng4+ 23. Kg1 Re3 24. Nc2 Rg3+ 25. Kf1 Qe4 26. Rg1 Rf3+ 0-1

[Event "Hamburger SK V - SK Weisse Dame"]
[Site "Landesliga Hamburg 2022/23"]
[Date "2022.11.27"]
[Round "2.8"]
[White "Lu, Yunong Elias"]
[Black "Kielhorn, Sebastian"]
[Result "1-0"]
[WhiteElo "1678"]
[BlackElo "1958"]
[PlyCount "95"]

1. e4 e5 2. Nf3 Nc6 3. Bb5 a6 4. Ba4 Nf6 5. d3 b5 6. Bb3 d6 7. h3 Na5 8. c3
Nxb3 9. axb3 Be7 10. Be3 O-O 11. O-O c5 12. Nbd2 Qc7 13. Qe2 d5 14. Bg5 d4 15.
Rfc1 Qd6 16. b4 dxc3 17. bxc5 Qxc5 18. bxc3 Nd7 19. d4 Qd6 20. Bxe7 Qxe7 21. d5
Nc5 22. Qe3 f5 23. c4 b4 24. Nxe5 Qxe5 25. Qxc5 fxe4 26. Re1 Bxh3 27. Nxe4 Rf4
28. Ng3 Qg5 29. gxh3 h5 30. Qe7 Qxe7 31. Rxe7 Rxc4 32. Rb7 Rd4 33. Nf5 Rf4 34.
Ne7+ Kf7 35. Nc6+ Kf6 36. Rxb4 Rxb4 37. Nxb4 a5 38. Ra4 Ke5 39. Rxa5 Rxa5 40.
Nc6+ Kxd5 41. Nxa5 g5 42. Kg2 Ke4 43. Nc4 Kf4 44. Ne3 g4 45. h4 g3 46. fxg3+
Kxe3 47. g4 Kf4 48. g5 1-0

[Event "FC St. Pauli III - SK Johanneum Eppendorf II"]
[Site "Landesliga Hamburg 2022/23"]
[Date "2022.11.27"]
[Round "2.9"]
[White "Wenzel, Birger"]
[Black "Kahlert, Thomas"]
[Result "1/2-1/2"]
[WhiteElo "1981"]
[BlackElo "2144"]
[PlyCount "65"]

1. d4 Nf6 2. Nf3 g6 3. Bg5 Bg7 4. Nbd2 d5 5. e3 O-O 6. Be2 c5 7. c3 b6 8. O-O
Bb7 9. b4 Nbd7 10. bxc5 bxc5 11. Qa4 Ne4 12. Nxe4 dxe4 13. Nd2 h6 14. Bh4 g5
15. Bg3 e5 16. dxe5 Nxe5 17. Bxe5 Bxe5 18. Nxe4 Qe7 19. Ng3 Rfd8 20. Rab1 Bd5
21. c4 Be6 22. Qc2 Rab8 23. Rxb8 Rxb8 24. Rb1 Qc7 25. Qe4 Rxb1+ 26. Qxb1 Qa5
27. Nf1 Qb4 28. Qe4 Qb2 29. Bd3 Bg7 30. Qa8+ Bf8 31. Qe4 Bg7 32. Qa8+ Bf8 33.
Qe4 1/2-1/2

[Event "FC St. Pauli III - SK Johanneum Eppendorf II"]
[Site "Landesliga Hamburg 2022/23"]
[Date "2022.11.27"]
[Round "2.10"]
[White "Thomaschke, Dirk"]
[Black "Kussin, Bernd"]
[Result "1/2-1/2"]
[WhiteElo "2167"]
[BlackElo "2098"]
[PlyCount "50"]

1. e4 c5 2. Nf3 d6 3. d4 cxd4 4. Nxd4 Nf6 5. Nc3 a6 6. Be3 Nc6 7. f3 Nxd4 8.
Bxd4 e5 9. Be3 Be6 10. Qd2 d5 11. exd5 Nxd5 12. Nxd5 Qxd5 13. Qxd5 Bxd5 14. Bd3
Be7 15. O-O O-O 16. Rfd1 Bc6 17. c4 a5 18. b3 f5 19. c5 g6 20. a3 Rfd8 21. Bc4+
Kg7 22. Rxd8 Rxd8 23. b4 Bd5 24. Bf1 Bf6 25. Rb1 axb4 1/2-1/2

[Event "FC St. Pauli III - SK Johanneum Eppendorf II"]
[Site "Landesliga Hamburg 2022/23"]
[Date "2022.11.27"]
[Round "2.11"]
[White "Johannsen, Dennis"]
[Black "zur Lage, Julian"]
[Result "0-1"]
[WhiteElo "2105"]
[BlackElo "2130"]
[PlyCount "44"]

1. Nf3 d5 2. g3 Nf6 3. Bg2 c6 4. O-O g6 5. b3 Bg7 6. Bb2 O-O 7. c4 Re8 8. h3
Nbd7 9. d4 Ne4 10. Kh2 dxc4 11. bxc4 Nd6 12. Qc1 e5 13. d5 cxd5 14. cxd5 Nb6
15. Rd1 Bf5 16. Nc3 Rc8 17. Nd2 e4 18. Ndb1 e3 19. fxe3 Nbc4 20. Rd3 Nxb2 21.
Qxb2 Bxd3 22. exd3 Rxe3 0-1

[Event "FC St. Pauli III - SK Johanneum Eppendorf II"]
[Site "Landesliga Hamburg 2022/23"]
[Date "2022.11.27"]
[Round "2.12"]
[White "Schleicher, Guido"]
[Black "Keyser, Philipp"]
[Result "0-1"]
[WhiteElo "2201"]
[BlackElo "2041"]
[PlyCount "100"]

1. e4 c5 2. Nf3 d6 3. d4 cxd4 4. Nxd4 Nf6 5. f3 e5 6. Nb3 d5 7. Bg5 Be6 8. Bxf6
gxf6 9. exd5 Qxd5 10. Qxd5 Bxd5 11. Nc3 Be6 12. O-O-O Nc6 13. Nb5 Rc8 14. Kb1
a6 15. Nc3 Bb4 16. Ne4 f5 17. Nec5 Bxb3 18. Nxb3 Ke7 19. c3 Bd6 20. Bd3 f4 21.
Rd2 h5 22. Be4 h4 23. Rhd1 Rhd8 24. Bf5 Rc7 25. Rd5 Kf6 26. Rxd6+ Rxd6 27.
Rxd6+ Kxf5 28. Nc5 Ne7 29. Ne4 Ng8 30. Kc2 f6 31. Rb6 h3 32. gxh3 Rh7 33. Nf2
Kg5 34. c4 f5 35. Re6 Re7 36. Rxe7 Nxe7 37. Nd3 Nc6 38. Kd2 Kh4 39. Ke2 Kxh3
40. Kf2 Kxh2 41. Nc5 Nd4 42. Nxb7 e4 43. fxe4 fxe4 44. Nc5 e3+ 45. Kf1 f3 46.
Nd3 Kg3 47. c5 f2 48. Nc1 Kf3 49. c6 e2+ 50. Nxe2 Nxe2 0-1

[Event "FC St. Pauli III - SK Johanneum Eppendorf II"]
[Site "Landesliga Hamburg 2022/23"]
[Date "2022.11.27"]
[Round "2.13"]
[White "Dumjahn, Carsten"]
[Black "Wronn, Bernd"]
[Result "0-1"]
[WhiteElo "1958"]
[BlackElo "2138"]
[PlyCount "60"]

1. d4 Nf6 2. Nf3 d5 3. g3 e6 4. Bg2 Be7 5. O-O O-O 6. b3 c5 7. dxc5 Bxc5 8. Bb2
Qb6 9. e3 Rd8 10. Nbd2 Nc6 11. Qe2 Bd7 12. c4 Qa6 13. Rfc1 Be8 14. a3 Be7 15.
b4 dxc4 16. Qxc4 Qxc4 17. Rxc4 a6 18. Rac1 Nd7 19. Ne4 h6 20. g4 f6 21. Ned2
Nb6 22. R4c2 Bg6 23. Rxc6 bxc6 24. Nd4 Be8 25. Bxc6 Bxc6 26. Rxc6 Na4 27. Bc1
Rdc8 28. Nc4 e5 29. Nf5 Bf8 30. Na5 g6 0-1

[Event "FC St. Pauli III - SK Johanneum Eppendorf II"]
[Site "Landesliga Hamburg 2022/23"]
[Date "2022.11.27"]
[Round "2.14"]
[White "Goepfert, Jakob"]
[Black "Spaet, Alexander"]
[Result "1-0"]
[WhiteElo "2116"]
[BlackElo "1998"]
[PlyCount "53"]

1. d4 d5 2. Nf3 Nf6 3. c4 c6 4. Nc3 dxc4 5. a4 Bf5 6. e3 Nbd7 7. Bxc4 e6 8. h3
Bb4 9. O-O O-O 10. Nh4 Bg6 11. Nxg6 hxg6 12. Qe2 Qe7 13. a5 e5 14. Qf3 a6 15.
Qg3 Qd6 16. Qxg6 exd4 17. exd4 Qxd4 18. Ba2 Nd5 19. Qf5 Nxc3 20. bxc3 Bxc3 21.
Rb1 Nf6 22. Rxb7 Qe5 23. Qg6 Qh5 24. Qxh5 Nxh5 25. Ba3 Bxa5 26. Bxf8 Rxf8 27.
Rc1 1-0

[Event "FC St. Pauli III - SK Johanneum Eppendorf II"]
[Site "Landesliga Hamburg 2022/23"]
[Date "2022.11.27"]
[Round "2.15"]
[White "Schmidt, Armin"]
[Black "Grote, Dirk"]
[Result "1/2-1/2"]
[WhiteElo "1960"]
[BlackElo "2072"]
[PlyCount "49"]

1. Nf3 d5 2. d4 Nf6 3. g3 e6 4. Bg2 b5 5. Ne5 c5 6. a4 b4 7. c4 bxc3 8. bxc3
Nbd7 9. Nxd7 Bxd7 10. O-O cxd4 11. cxd4 Be7 12. Ba3 O-O 13. Nc3 Bxa3 14. Rxa3
Qa5 15. Qd3 Rab8 16. e4 Qb4 17. Rfa1 dxe4 18. Nxe4 Nxe4 19. Bxe4 g6 20. d5 Rfd8
21. dxe6 Bxe6 22. Qe3 a5 23. Rd3 Bh3 24. Rxd8+ Rxd8 25. Bg2 1/2-1/2

[Event "FC St. Pauli III - SK Johanneum Eppendorf II"]
[Site "Landesliga Hamburg 2022/23"]
[Date "2022.11.27"]
[Round "2.16"]
[White "Thieme, Daniel Otis"]
[Black "Hacker, Thomas"]
[Result "1-0"]
[WhiteElo "1999"]
[BlackElo "1829"]
[PlyCount "57"]

1. Nf3 d5 2. g3 c6 3. Bg2 Bg4 4. O-O Nd7 5. d4 Ngf6 6. b3 e6 7. Bb2 Bd6 8. Ne5
Bh5 9. Nd2 O-O 10. c4 Qc7 11. Ndf3 Ne4 12. Nxd7 Qxd7 13. Ne5 Qe7 14. f3 Nf6 15.
Qc1 Nd7 16. Nxd7 Qxd7 17. e4 dxe4 18. fxe4 e5 19. c5 Bc7 20. d5 Rae8 21. d6 Bd8
22. Rf5 Bg6 23. Rxe5 Rxe5 24. Bxe5 Qe6 25. Qc3 f6 26. Bd4 Rf7 27. Re1 Rd7 28.
e5 f5 29. Bf1 1-0

[Event "SV Großhansdorf - TV Fischbek"]
[Site "Landesliga Hamburg 2022/23"]
[Date "2022.11.27"]
[Round "2.17"]
[White "Serrer, Christoph"]
[Black "Wahls, Matthias"]
[Result "1/2-1/2"]
[WhiteElo "2251"]
[BlackElo "2544"]
[PlyCount "35"]

1. d4 Nf6 2. Nf3 d5 3. c4 e6 4. e3 b6 5. b3 Bd6 6. Bd3 O-O 7. O-O Bb7 8. cxd5
exd5 9. Ba3 c5 10. Nc3 Re8 11. Rc1 Nbd7 12. Bf5 Bf8 13. dxc5 Nxc5 14. Qc2 Nfe4
15. Bb2 Qe7 16. Rfd1 Rad8 17. b4 Ne6 18. a3 1/2-1/2

[Event "SV Großhansdorf - TV Fischbek"]
[Site "Landesliga Hamburg 2022/23"]
[Date "2022.11.27"]
[Round "2.18"]
[White "Gara, Anita"]
[Black "de Voogt, Juergen"]
[Result "1-0"]
[WhiteElo "2353"]
[BlackElo "2252"]
[PlyCount "160"]

1. e4 c5 2. Nf3 e6 3. b3 b6 4. d4 cxd4 5. Nxd4 Bb7 6. Nd2 Bb4 7. Bb2 Nf6 8. a3
Bxd2+ 9. Qxd2 Nxe4 10. Qe3 O-O 11. O-O-O d5 12. f3 Nf6 13. g4 Nbd7 14. g5 Nh5
15. Nb5 Qb8 16. Rd4 a6 17. Rh4 g6 18. Nd4 Qd6 19. f4 Rae8 20. Be2 Nxf4 21. Rxf4
e5 22. Rf2 exd4 23. Qxd4 Qe5 24. Qxe5 Nxe5 25. h4 Re6 26. h5 Rfe8 27. Kd2 b5
28. Rh4 R8e7 29. Rhf4 Nd7 30. Bg4 Re4 31. Bxd7 Rxd7 32. h6 Rc7 33. Rf6 Re6 34.
Bd4 Bc8 35. R2f3 Rxf6 36. Rxf6 Be6 37. Be5 Rc6 38. Rf4 Bf5 39. c3 Be4 40. Bf6
Kf8 41. Rf2 Re6 42. Rf1 Ke8 43. Ra1 Kd7 44. a4 bxa4 45. Rxa4 Bf3 46. Ra5 Kc7
47. Kd3 Bd1 48. b4 Be2+ 49. Kd4 Bc4 50. Rc5+ Kb7 51. Be5 Re7 52. Ra5 Kc6 53.
Ra1 Ra7 54. Bf6 Kd6 55. Re1 Bb5 56. Bd8 Rb7 57. Re3 Bd7 58. Be7+ Kc6 59. Ke5
Bf5 60. Kf6 Be4 61. Re2 Kb5 62. Kxf7 Kc4 63. Re3 Ra7 64. Kf6 Rb7 65. Bd6 Rd7
66. Be5 a5 67. bxa5 Kb5 68. Re2 Kxa5 69. Rb2 d4 70. Bxd4 Bd5 71. Be3 Bc4 72.
Rb8 Bd5 73. Rc8 Kb5 74. Rc5+ Ka6 75. c4 Rf7+ 76. Ke5 Bb7 77. Ke6 Rf3 78. Bd4
Rd3 79. Be5 Be4 80. Rc7 Bf5+ 1-0

[Event "SV Großhansdorf - TV Fischbek"]
[Site "Landesliga Hamburg 2022/23"]
[Date "2022.11.27"]
[Round "2.19"]
[White "Kneip, Jakob"]
[Black "Paul, Anatolij"]
[Result "1-0"]
[WhiteElo "2121"]
[BlackElo "2057"]
[PlyCount "73"]

1. e4 c6 2. d4 d5 3. Nd2 dxe4 4. Nxe4 Nf6 5. Nxf6+ exf6 6. c3 Bd6 7. Bd3 O-O 8.
Qc2 Re8+ 9. Ne2 h6 10. O-O Nd7 11. Ng3 Qc7 12. Kh1 Nb6 13. Bd2 Be6 14. Ne4 Bf8
15. Rae1 Rad8 16. Qc1 Nd5 17. Bb1 f5 18. Ng3 Qd7 19. Nh5 f6 20. Ng3 a6 21. h4
Bd6 22. Nh5 Qf7 23. Nf4 Bxf4 24. Bxf4 Qh5 25. Kg1 Qxh4 26. Bg3 Qg4 27. c4 f4
28. cxd5 fxg3 29. dxe6 gxf2+ 30. Rxf2 Rxe6 31. Qc4 Rd5 32. Rxe6 Qxe6 33. Re2 b5
34. Rxe6 bxc4 35. Bg6 Rd8 36. Rxc6 Kf8 37. Re6 1-0

[Event "SV Großhansdorf - TV Fischbek"]
[Site "Landesliga Hamburg 2022/23"]
[Date "2022.11.27"]
[Round "2.20"]
[White "Kuhn, Gerd"]
[Black "Brandt, Carina"]
[Result "1/2-1/2"]
[WhiteElo "2001"]
[BlackElo "2040"]
[PlyCount "79"]

1. d4 Nf6 2. Bg5 c5 3. d5 d6 4. Nc3 Qa5 5. Bd2 b5 6. Ne4 Qb6 7. Nxf6+ gxf6 8.
g3 Bb7 9. Bg2 Nd7 10. e4 a5 11. Qh5 c4 12. Ne2 b4 13. O-O Nc5 14. Be3 Qc7 15.
Nd4 O-O-O 16. Qxf7 h5 17. Qg6 Kb8 18. Bh3 h4 19. Ne6 Nxe6 20. Bxe6 hxg3 21.
fxg3 c3 22. b3 Ba6 23. Rf2 Bb5 24. a3 a4 25. bxa4 Be8 26. Bf7 Bxf7 27. Qxf7 b3
28. cxb3 c2 29. Rc1 Qc3 30. Bb6 Bh6 31. Rcxc2 Qe1+ 32. Rf1 Qxe4 33. Rcf2 Be3
34. Bxe3 Rxh2 35. Rxh2 Qxe3+ 36. Rff2 Qe1+ 37. Kg2 Qe4+ 38. Kg1 Qe1+ 39. Kg2
Qe4+ 40. Kg1 1/2-1/2

[Event "SV Großhansdorf - TV Fischbek"]
[Site "Landesliga Hamburg 2022/23"]
[Date "2022.11.27"]
[Round "2.21"]
[White "Rolf, Marco"]
[Black "Varain, Ernst-Helmuth"]
[Result "1-0"]
[WhiteElo "2098"]
[BlackElo "2063"]
[PlyCount "45"]

1. d4 Nf6 2. c4 g6 3. Nc3 d5 4. cxd5 Nxd5 5. e4 Nxc3 6. bxc3 Bg7 7. Be3 c5 8.
Rc1 O-O 9. Nf3 Qa5 10. Be2 cxd4 11. Nxd4 Rd8 12. O-O Bd7 13. Qb3 Qc7 14. f4 e6
15. f5 exf5 16. Bc4 Be8 17. exf5 Nc6 18. fxg6 hxg6 19. Ne6 fxe6 20. Bxe6+ Kh7
21. Rf3 Be5 22. Rh3+ Kg7 23. Bh6+ 1-0

[Event "SV Großhansdorf - TV Fischbek"]
[Site "Landesliga Hamburg 2022/23"]
[Date "2022.11.27"]
[Round "2.22"]
[White "Limbach, Torsten"]
[Black "Schneider, Alexander"]
[Result "1-0"]
[WhiteElo "1899"]
[BlackElo "2081"]
[PlyCount "57"]

1. c4 e5 2. g3 c6 3. d4 e4 4. Bg2 d5 5. Nc3 Nf6 6. Bg5 Nbd7 7. cxd5 cxd5 8. Qa4
Qb6 9. O-O-O Bb4 10. Bxf6 Bxc3 11. bxc3 gxf6 12. Nh3 O-O 13. Nf4 Qd6 14. Qb4
Qc6 15. c4 Nb6 16. c5 Nc4 17. Bxe4 dxe4 18. Qxc4 b6 19. Qd5 Qxd5 20. Nxd5 bxc5
21. Nxf6+ Kg7 22. Nxe4 Bb7 23. d5 Rfd8 24. Nc3 Rd6 25. e4 Rad8 26. Rhe1 R6d7
27. Rd2 f5 28. f3 fxe4 29. fxe4 1-0

[Event "SV Großhansdorf - TV Fischbek"]
[Site "Landesliga Hamburg 2022/23"]
[Date "2022.11.27"]
[Round "2.23"]
[White "Egelriede, Nikolas"]
[Black "Kemeny, Matthias"]
[Result "1-0"]
[WhiteElo "1841"]
[BlackElo "1949"]
[PlyCount "111"]

1. e4 c6 2. c4 d5 3. cxd5 cxd5 4. exd5 Nf6 5. d4 g6 6. Nc3 Bg7 7. Nf3 O-O 8.
Bc4 Nbd7 9. O-O Nb6 10. Bb3 Nbxd5 11. Ne5 e6 12. Bg5 Qa5 13. Qf3 Nxc3 14. bxc3
Nd7 15. Nxd7 Bxd7 16. Be7 Rfe8 17. Bd6 Qa6 18. Qg3 Bb5 19. Rfe1 Bc4 20. Bc2
Rad8 21. Bf4 Qc6 22. h4 Bf8 23. h5 Bd6 24. Be5 Bxe5 25. Rxe5 Qc7 26. hxg6 fxg6
27. Bxg6 hxg6 28. Qxg6+ Qg7 29. Qh5 Kf8 30. Rg5 Qf6 31. Rg6 Qf7 32. Qh6+ Ke7
33. Rg7 Rg8 34. Rxf7+ Kxf7 35. Qf4+ Ke8 36. Re1 Bd5 37. f3 Ke7 38. Qc7+ Rd7 39.
Qc5+ Kf7 40. Kf2 b6 41. Qb5 Rc7 42. Qd3 Rgc8 43. Qh7+ Kf8 44. Qh6+ Ke7 45. Qg5+
Kd7 46. Rh1 Rxc3 47. Rh7+ Kc6 48. Qg7 Kb5 49. Qd7+ Kb4 50. Qd6+ Kb5 51. Qd7+
Kb4 52. a3+ Kb3 53. Qb5+ Ka2 54. Rh1 Rb3 55. Qf1 Kxa3 56. Qa6+ 1-0

[Event "SV Großhansdorf - TV Fischbek"]
[Site "Landesliga Hamburg 2022/23"]
[Date "2022.11.27"]
[Round "2.24"]
[White "Jordt, Joachim"]
[Black "Schwarzkopf, Joerg"]
[Result "1/2-1/2"]
[WhiteElo "2071"]
[BlackElo "1835"]
[PlyCount "138"]

1. d4 Nf6 2. Nf3 d6 3. g3 g6 4. Bg2 Bg7 5. O-O O-O 6. b3 c5 7. Bb2 Qc7 8. c4
cxd4 9. Nxd4 Nc6 10. Nb5 Qb6 11. N1c3 a6 12. Na4 Qd8 13. Nbc3 Rb8 14. Nd5 Nxd5
15. Bxg7 Kxg7 16. Qxd5 Be6 17. Qd2 Qc7 18. Rac1 Rfd8 19. Rfd1 b6 20. Nc3 Qd7
21. h4 Bh3 22. Bh1 h5 23. Nd5 Bf5 24. Bg2 Bh3 25. Bh1 Bf5 26. Kh2 Qe6 27. Nc7
Qc8 28. Nxa6 Qxa6 29. Bxc6 Qa3 30. Qc3+ Kg8 31. e4 Bg4 32. Rd2 Bf3 33. Rcc2 Bg4
34. f3 Be6 35. Bb5 Ra8 36. Qb2 Qc5 37. a4 Qe3 38. Qc3 Qh6 39. Qd4 Rab8 40. f4
Rdc8 41. Ra2 f6 42. Qe3 Rc5 43. Rf2 Kf7 44. a5 bxa5 45. Rxa5 Rbc8 46. Ra6 Kg7
47. Ra7 Kf7 48. Rfa2 Qf8 49. Qe1 Kg7 50. Rb7 g5 51. Raa7 Kf7 52. fxg5 fxg5 53.
Qf2+ Kg6 54. Qxf8 Rxf8 55. Rxe7 Bg4 56. b4 Re5 57. Rxe5 dxe5 58. Ra6+ Kg7 59.
hxg5 Rf2+ 60. Kg1 Rb2 61. Ra4 Bf3 62. Bc6 Rg2+ 63. Kf1 Rxg3 64. b5 h4 65. Kf2
Bg4 66. b6 Rf3+ 67. Ke1 h3 68. Ra2 Rb3 69. Rh2 Rxb6 1/2-1/2

[Event "SK Marmstorf - SC Diogenes II"]
[Site "Landesliga Hamburg 2022/23"]
[Date "2022.11.27"]
[Round "2.25"]
[White "Rieling, Thomas"]
[Black "Kuberczyk, Christoph"]
[Result "0-1"]
[WhiteElo "2068"]
[BlackElo "2292"]
[PlyCount "65"]

1. e4 c5 2. Nc3 Nc6 3. f4 e6 4. Nf3 d5 5. g3 dxe4 6. Nxe4 b6 7. Bg2 Bb7 8. O-O
Be7 9. b3 Nf6 10. Nf2 Qc7 11. Bb2 Rd8 12. Nd3 O-O 13. Qe2 Nd5 14. Nfe5 Nd4 15.
Bxd4 cxd4 16. Qe4 Ba8 17. Qxd4 Qxc2 18. Qb2 Qxb2 19. Nxb2 Ba3 20. Nbc4 Bc5+ 21.
Kh1 f6 22. Nd3 Be7 23. Rfe1 Kf7 24. a4 Rd7 25. Re2 Nc7 26. Bxa8 Rxd3 27. Be4
Rxb3 28. Rc1 Na6 29. d4 Rd8 30. Bb7 Nb4 31. Rd1 Nd5 32. Rde1 Bb4 33. Rc1 0-1

[Event "SK Marmstorf - SC Diogenes II"]
[Site "Landesliga Hamburg 2022/23"]
[Date "2022.11.27"]
[Round "2.27"]
[White "Hohlfeld, Wolfgang"]
[Black "Ramme, Christoph"]
[Result "1/2-1/2"]
[WhiteElo "2042"]
[BlackElo "2121"]
[PlyCount "58"]

1. e4 e6 2. d4 d5 3. exd5 exd5 4. Nf3 Bd6 5. Bd3 Nf6 6. O-O O-O 7. Bg5 Bg4 8.
Nbd2 Nbd7 9. Re1 c5 10. dxc5 Nxc5 11. Be2 Ne6 12. Be3 Qc7 13. h3 Bf5 14. Bd3
Be4 15. Bxe4 dxe4 16. Ng5 Nxg5 17. Bxg5 Bh2+ 18. Kh1 Be5 19. c3 Qb6 20. Nc4 Qe6
21. Nxe5 Qxe5 22. Bxf6 Qxf6 23. Rxe4 Qxf2 24. Qe2 Qxe2 25. Rxe2 Rfe8 26. Rae1
Kf8 27. Kg1 Rxe2 28. Rxe2 f6 29. Rd2 Ke7 1/2-1/2

[Event "SK Marmstorf - SC Diogenes II"]
[Site "Landesliga Hamburg 2022/23"]
[Date "2022.11.27"]
[Round "2.28"]
[White "Diekmann, Jens"]
[Black "Hein, Ralf"]
[Result "0-1"]
[WhiteElo "2064"]
[BlackElo "2038"]
[PlyCount "56"]

1. c4 c5 2. Nc3 Nc6 3. g3 d6 4. Bg2 g6 5. e4 Bg7 6. Nge2 e5 7. d3 Nge7 8. O-O
O-O 9. Be3 Nd4 10. h3 Rb8 11. f4 f5 12. Qd2 a6 13. Nd5 Nxe2+ 14. Qxe2 Nxd5 15.
exd5 b5 16. Rab1 bxc4 17. dxc4 e4 18. Qd2 a5 19. b3 Rf7 20. Rfc1 Rfb7 21. Qe1
Bd4 22. Bf1 Bd7 23. Kh2 Bxe3 24. Qxe3 a4 25. Rc3 Qf6 26. Be2 Qd4 27. Bd1 axb3
28. Rbxb3 Qxd1 0-1